<?xml version="1.0" encoding="UTF-8"?><?xml-stylesheet type="text/xsl" href="static/style.xsl"?><OAI-PMH xmlns="http://www.openarchives.org/OAI/2.0/" xmlns:xsi="http://www.w3.org/2001/XMLSchema-instance" xsi:schemaLocation="http://www.openarchives.org/OAI/2.0/ http://www.openarchives.org/OAI/2.0/OAI-PMH.xsd"><responseDate>2026-04-17T05:58:58Z</responseDate><request verb="GetRecord" identifier="oai:www.recercat.cat:2445/224297" metadataPrefix="marc">https://recercat.cat/oai/request</request><GetRecord><record><header><identifier>oai:recercat.cat:2445/224297</identifier><datestamp>2025-12-05T14:10:15Z</datestamp><setSpec>com_2072_1057</setSpec><setSpec>col_2072_478815</setSpec><setSpec>col_2072_478917</setSpec></header><metadata><record xmlns="http://www.loc.gov/MARC21/slim" xmlns:dcterms="http://purl.org/dc/terms/" xmlns:xsi="http://www.w3.org/2001/XMLSchema-instance" xmlns:doc="http://www.lyncode.com/xoai" xsi:schemaLocation="http://www.loc.gov/MARC21/slim http://www.loc.gov/standards/marcxml/schema/MARC21slim.xsd">
   <leader>00925njm 22002777a 4500</leader>
   <datafield ind2=" " ind1=" " tag="042">
      <subfield code="a">dc</subfield>
   </datafield>
   <datafield ind2=" " ind1=" " tag="720">
      <subfield code="a">Viñas Bastart, Montserrat</subfield>
      <subfield code="e">author</subfield>
   </datafield>
   <datafield ind2=" " ind1=" " tag="720">
      <subfield code="a">Oms, Míriam</subfield>
      <subfield code="e">author</subfield>
   </datafield>
   <datafield ind2=" " ind1=" " tag="720">
      <subfield code="a">Pedraza-Gutiérrez, Àfrica</subfield>
      <subfield code="e">author</subfield>
   </datafield>
   <datafield ind2=" " ind1=" " tag="720">
      <subfield code="a">Lizano Díez, Irene</subfield>
      <subfield code="e">author</subfield>
   </datafield>
   <datafield ind2=" " ind1=" " tag="720">
      <subfield code="a">Mariño Hernández, Eduardo L.</subfield>
      <subfield code="e">author</subfield>
   </datafield>
   <datafield ind2=" " ind1=" " tag="720">
      <subfield code="a">Modamio Charles, Pilar</subfield>
      <subfield code="e">author</subfield>
   </datafield>
   <datafield ind2=" " ind1=" " tag="260">
      <subfield code="c">2025-11-12T10:03:14Z</subfield>
   </datafield>
   <datafield ind2=" " ind1=" " tag="260">
      <subfield code="c">2025-11-12T10:03:14Z</subfield>
   </datafield>
   <datafield ind2=" " ind1=" " tag="260">
      <subfield code="c">2022-01-01</subfield>
   </datafield>
   <datafield ind2=" " ind1=" " tag="260">
      <subfield code="c">2025-11-12T10:03:15Z</subfield>
   </datafield>
   <datafield ind2=" " ind1=" " tag="520">
      <subfield code="a">Introducción:&lt;/strong>&lt;span style="color:rgba( 0 , 0 , 0 , 0.87 );background-color:rgb( 255 , 255 , 255 )"> La utilización de la combinación a dosis fija de tramadol/dexketoprofeno en España y en otros países ha aumentado de forma considerable. La indicación terapéutica autorizada de este medicamento es el tratamiento sintomático a corto plazo del dolor agudo de moderado a intenso en pacientes adultos. El objetivo de este estudio fue describir el patrón de uso de tramadol/dexketoprofeno en el ámbito de la atención primaria de salud.&lt;/span>&lt;/p>&lt;p>&lt;strong style="color:rgba( 0 , 0 , 0 , 0.87 );background-color:rgb( 255 , 255 , 255 )">Método:&lt;/strong>&lt;span style="color:rgba( 0 , 0 , 0 , 0.87 );background-color:rgb( 255 , 255 , 255 )"> Se realizó un estudio transversal, descriptivo y multicéntrico. La población de estudio incluyó a todos los pacientes de una Dirección de Atención Primaria (53 equipos de Atención Primaria) que tenían activa la prescripción de tramadol/dexketoprofeno el 28 de marzo de 2018. La población diana fueron aquellos pacientes a los que se les prescribió tramadol/dexketoprofeno durante más de 20 días.&lt;/span>&lt;/p>&lt;p>&lt;strong style="color:rgba( 0 , 0 , 0 , 0.87 );background-color:rgb( 255 , 255 , 255 )">Resultados:&lt;/strong>&lt;span style="color:rgba( 0 , 0 , 0 , 0.87 );background-color:rgb( 255 , 255 , 255 )"> Un total de 176 pacientes tenía activa la prescripción de tramadol/dexketoprofeno. Todos los pacientes (100%) tuvieron una duración del tratamiento superior a 5 días y el 72,7% (N=128) superior a 20 días. La duración media del tratamiento fue de 14±160,9 días en pacientes que tenían menos de 20 días de tratamiento y de 224±160,8 días en pacientes que tenían más de 20 días de tratamiento. El 35,1% de los pacientes estaban tratados con más de 2 medicamentos para aliviar el dolor de forma concomitante con tramadol/dexketoprofeno. El médico de atención primaria inició un 65,6% de las prescripciones.&lt;/span>&lt;/p>&lt;p>&lt;strong style="color:rgba( 0 , 0 , 0 , 0.87 );background-color:rgb( 255 , 255 , 255 )">Conclusiones: &lt;/strong>&lt;span style="color:rgba( 0 , 0 , 0 , 0.87 );background-color:rgb( 255 , 255 , 255 )">La combinación a dosis fija de tramadol/dexketoprofeno se utilizó con frecuencia fuera de indicación, de acuerdo con la ficha técnica y la evidencia científica disponible. Este estudio alerta sobre los riesgos potenciales asociados a la utilización de este medicamento en la práctica clínica, como son la falta de efectividad y/o la aparición de efectos adversos.&lt;/span></subfield>
   </datafield>
   <datafield tag="653" ind2=" " ind1=" ">
      <subfield code="a">Centres d'atenció primària</subfield>
   </datafield>
   <datafield tag="653" ind2=" " ind1=" ">
      <subfield code="a">Prescripció de medicaments</subfield>
   </datafield>
   <datafield tag="653" ind2=" " ind1=" ">
      <subfield code="a">Malalts crònics</subfield>
   </datafield>
   <datafield tag="653" ind2=" " ind1=" ">
      <subfield code="a">Community health services</subfield>
   </datafield>
   <datafield tag="653" ind2=" " ind1=" ">
      <subfield code="a">Drug prescribing</subfield>
   </datafield>
   <datafield tag="653" ind2=" " ind1=" ">
      <subfield code="a">Chronically ill</subfield>
   </datafield>
   <datafield ind2="0" ind1="0" tag="245">
      <subfield code="a">Off-label use of fixed-dose combination of tramadol and dexketoprofen in primary health care. Evidence-based or cause for concern?</subfield>
   </datafield>
</record></metadata></record></GetRecord></OAI-PMH>